000
00309nam a2200109Ia 4500
008
160531s9999 xx 000 0 und d
100
_a
Holland, Jonathan.
245
_a
Notes on Symmetric Spaces
245
_c
by Jonathan Holland, Bogdan Ion
260
_c
2012
856
_u
http://arxiv.org/pdf/1211.4159v1.pdf
999
_c
295127
_d
295127